000 00388nam a22001697a 4500
005 20160616140652.0
008 160616b xxu||||| |||| 00| 0 eng d
020 _a81-85461-81-3
041 _aeng
082 _b7995
100 _aDe kock. M.H.
_92118
245 _aCentral Banking
260 _bUniversal Book Stall
_c1999
300 _a318
650 _aManagement
_9241
942 _cBK
999 _c2964
_d2963